000 00383nam a2200145Ia 4500
008 230711s9999||||xx |||||||||||||| ||und||
041 _aENG
082 _a621
_bJO-E
100 _aJordan,Edward C
245 0 _aElectromagnetic waves and radiating systems
250 _a1st Ed.
260 _c1999
_aNew Delhi
_bPrentice-Hall of India Private Limited
650 _aPhysics
942 _cBK
999 _c1459
_d1459